MARC

LEADER 00000nam0a2200000 4500
001 337580
005 20231102004950.0
035 |a (RuTPU)RU\TPU\book\364068 
090 |a 337580 
100 |a 20171108d1931 k y0rusy50 ca 
101 0 |a rus 
102 |a RU 
105 |a a z 001zy 
200 1 |a Уйская оросительная система. Койбальская степь Минусинского округа  |e гидрогеологический очерк  |f А. Г. Вологдин  |g СССР, Главное геологоразведочное управление (ГГРУ) 
210 |a Москва  |a Ленинград  |c Геологическое изд-во  |d 1931 
215 |a 71 с.  |c ил.  |e 1 карта и 2 таблицы 
225 1 |a Труды Главного геолого-разведочного управления ВСНХ СССР  |v Вып. 41 
320 |a Библиогр.: с. 65-66 
606 1 |a Оросительные системы  |x Гидрогеология  |2 stltpush  |3 (RuTPU)RU\TPU\subj\47478  |9 66408 
610 1 |a библиотека М. А. Усова 
610 1 |a гидрогеология 
610 1 |a Красноярский край 
610 1 |a Минусинский район 
610 1 |a орогидрография 
610 1 |a метеорология 
610 1 |a геология 
610 1 |a горные породы 
610 1 |a грунты 
610 1 |a фильтрация 
610 1 |a каменные строительные материалы 
675 |a 626.81/.84  |v 4 
700 1 |a Вологдин  |b А. Г. 
712 0 1 |a СССР  |b Главное геологоразведочное управление (ГГРУ)  |c (1928-1931)  |2 stltpush  |3 (RuTPU)RU\TPU\col\18482 
801 1 |a RU  |b 63413507  |c 20171108 
801 2 |a RU  |b 63413507  |c 20180201  |g RCR 
942 |c BK